000 00411nam a2200169 a 4500
001 0000-8648
003 ELIB.Books
008 110520 1982
035 _a(ELIB.Books)0000-8794
082 _a30
_bAlm
100 _aAlmanac
245 _aThe World Almanac 1982
260 _bNew Jersey: World Almanac
_c1982
650 _aWorld Almanc
942 _2ddc
_cBK
998 _cbat
_e2011-05-20
999 _c8648
_d8648